|
|
|
|
| LEADER |
00000nam0a2200000 4500 |
| 001 |
163406 |
| 005 |
20231101222407.0 |
| 010 |
|
|
|a 9785911317423
|b 2000 экз. (1-й з-д 1-1 тыс.)
|
| 021 |
|
|
|a RU
|b 09-4149
|9 09-231
|
| 035 |
|
|
|a (RuTPU)RU\TPU\book\177294
|
| 090 |
|
|
|a 163406
|
| 100 |
|
|
|a 20090817d2009 m y0rusy5002 ca
|
| 101 |
0 |
|
|a rus
|
| 102 |
|
|
|a RU
|
| 105 |
|
|
|a y j 000zy
|
| 200 |
1 |
|
|a Римское право
|e схемы и комментарии
|f О. А. Кудинов
|
| 210 |
|
|
|a Москва
|c Дашков и Ко
|d 2009
|
| 215 |
|
|
|a 220 с.
|
| 330 |
|
|
|a Пособие подготовлено в соответствии с Государственным образовательным стандартом. В основу учебного пособия положены лекции, прочитанные автором в Московском государственном университете экономики, статистики и информатики (МЭСИ), Российской экономической академии им. Г. В. Плеханова и Всероссийской академии внешней торговли.
|
| 606 |
1 |
|
|a Государство и право
|x История
|2 stltpush
|3 (RuTPU)RU\TPU\subj\68127
|9 83645
|
| 610 |
1 |
|
|a римское право
|
| 610 |
1 |
|
|a античное право
|
| 610 |
1 |
|
|a публичное право
|
| 610 |
1 |
|
|a гражданский процесс
|
| 610 |
1 |
|
|a Древний Рим
|
| 610 |
1 |
|
|a брак
|
| 610 |
1 |
|
|a опека
|
| 610 |
1 |
|
|a попечительство
|
| 610 |
1 |
|
|a семейное право
|
| 610 |
1 |
|
|a вещные права
|
| 610 |
1 |
|
|a собственность
|
| 610 |
1 |
|
|a обязательственное право
|
| 610 |
1 |
|
|a договор
|
| 610 |
1 |
|
|a контракты
|
| 610 |
1 |
|
|a внедоговорные обязательные отношения
|
| 610 |
1 |
|
|a наследственные права
|
| 610 |
1 |
|
|a наследственное право
|
| 610 |
1 |
|
|a схемы
|
| 610 |
1 |
|
|a комментарии
|
| 610 |
1 |
|
|a учебные пособия
|
| 686 |
|
|
|a Х2(0)я73
|2 rubbk
|
| 700 |
|
1 |
|a Кудинов
|b О. А.
|g Олег Алексеевич
|4 070
|
| 801 |
|
0 |
|a RU
|b 63413507
|c 20090224
|g PSBO
|
| 801 |
|
1 |
|a RU
|b 63413507
|c 20090817
|
| 801 |
|
2 |
|a RU
|b 63413507
|c 20230315
|g RCR
|
| 830 |
|
|
|a <b><br /> <b>Кудинов О. А.</b> Римское право : схемы и коммент. / О. А. Кудинов. - М. : Дашков и Ко, 2009. - 220 с.; 20 см. - 2000 экз. (1-й з-д 1-1 тыс.). - ISBN 978-5-91131-742-3. - [09-4149]<br /> - - 1. Римское право - Структурно-логические схемы. </p><p style='text-align:right'>УДК 340.152(37)(075.8) <br />ББК 67.3я73 </p>
|
| 942 |
|
|
|c BK
|